LEADER 02179nam0 22004093i 450 001 PUV0961571 005 20251003044316.0 010 $a8815101322 100 $a20130827d2004 ||||0itac50 ba 101 | $aita$cita 102 $ait 181 1$6z01$ai $bxxxe 182 1$6z01$an 183 1$6z01$anc$2RDAcarrier 200 1 $aˆI ‰tributi nell'economia italiana$fPaolo Bosi, M. Cecilia Guerra 205 $a5. ed 210 $aBologna$cIl mulino$d2004 215 $a249 p.$d22 cm. 225 | $aItinerari$i. Economia 410 0$1001MIL0530414$12001 $aItinerari$i. Economia 500 10$aˆI ‰tributi nell'economia italiana$3UBS0011685$9CFIV022169$963768 606 $aTributi$xItalia$2FIR$3CFIC003354$9E 676 $a336.2$9Fisco$v14 676 $a336.200945$9TASSE E TASSAZIONE. ITALIA$v21 700 1$aBosi$b, Paolo$f <1942- >$3CFIV022169$4070$088726 701 1$aGuerra$b, M. Cecilia$3CFIV107443$4070$0123734 790 1$aGuerra$b, Maria Cecilia$3CFIV199019$zGuerra, M. Cecilia 790 1$aGuerra$b, Cecilia M.$3CFIV341425$zGuerra, M. Cecilia 790 1$aGuerra$b, Maria Cecilia$3CFIV199019$zGuerra, M. Cecilia 801 3$aIT$bIT-000000$c20130827 850 $aIT-BN0095 901 $bNAP 01$cPOZZO LIB.$nVi sono collocati fondi di economia, periodici di ingegneria e scienze, periodici di economia e statistica e altri fondi comprendenti documenti di economia pervenuti in dono. 912 $aPUV0961571 950 0$aBiblioteca Centralizzata di Ateneo$c1 v. in tre copie$d 01POZZO LIB.ECON MON 214$e 0101 0000009895E VMA 1 v. (Precedente collocazione: sez. DASES B 538)$fB $h20080917$i20080917$c1 v. in tre copie$d 01POZZO LIB.ECON MON 214$e 0101 0000009905E VMA (bis 1 v. (2. copia. - Precedente collocazione: sez. DASES B 0538/bis)$fB $h20080917$i20080917$c1 v. in tre copie$d 01POZZO LIB.ECON MON 214$e 0101 0000009915E VMA (ter 1 v. (3. copia. - Precedente collocazione sez. DASES B 0538/ter)$fB $h20080917$i20080917 977 $a 01 996 $aTributi nell'economia italiana$963768 997 $aUNISANNIO